Synge and the Irish language /

Bibliographic Details
Main Author: Kiberd, Declan
Format: Book
Language:English
Published: Totowa, N.J. : Rowman and Littlefield, 1979.
Subjects:

MARC

Tag First Indicator Second Indicator Subfields
LEADER 00000pam a2200000 i 4500
001 in00000058026
005 20151008050954.0
008 790125s1979 nju b 00110 eng
010 |a  79000919  
020 |a 0847661598 
035 |a (OCoLC)04638240 
035 |9 AAG4687AM 
040 |a DLC  |c DLC  |d TXA  |d UtOrBLW 
041 0 |a eng  |a iri 
043 |a e-ie--- 
049 |a TXAM  |c [1159672] 
050 0 0 |a PR5533  |b .K5 1979 
082 0 |a 822/.9/12 
100 1 |a Kiberd, Declan. 
245 1 0 |a Synge and the Irish language /  |c Declan Kiberd. 
264 1 |a Totowa, N.J. :  |b Rowman and Littlefield,  |c 1979. 
300 |a xi, 294 pages ;  |c 23 cm. 
336 |a text  |b txt  |2 rdacontent 
337 |a unmediated  |b n  |2 rdamedia 
338 |a volume  |b nc  |2 rdacarrier 
500 |a Includes index. 
504 |a Bibliography: pages 283-285. 
600 1 0 |a Synge, J. M.  |q (John Millington),  |d 1871-1909. 
650 0 |a Irish philology  |x History. 
650 0 |a Folklore  |z Ireland. 
650 0 |a Authors, Irish  |y 19th century  |v Biography. 
651 0 |a Ireland  |x Intellectual life. 
999 |a MARS 
999 f f |s 8b7fe7de-c2e7-3a5f-b02c-b2f228ec073a  |i c748bd55-206f-35bf-95d5-a7d5c47b850b  |t 0 
952 f f |p normal  |a Texas A&M University  |b College Station  |c Sterling C. Evans Library  |d Evans: Library Stacks  |t 0  |e PR5533 .K5 1979  |h Library of Congress classification  |i unmediated -- volume  |m A14803978592 
998 f f |a PR5533 .K5 1979  |t 0  |l Evans: Library Stacks